000 01175cam a2200337Ii 4500
999 _c5522
_d5522
001 ocn961827353
003 OCoLC
005 20200522110451.0
008 161103s2016 dcu b 000 0 eng d
020 _a1893044025
020 _a9781893044029
035 _a(OCoLC)961827353
040 _aYDX
_beng
_erda
_cTZ-ArACH
_dEAU
_dOCLCO
_dOCLCF
_dGUL
043 _an-us---
049 _aTZAA
090 _aKF1263
_b.R68 2016
100 1 _aRotenberg, Marc,
_eauthor.
245 1 4 _aPrivacy law sourcebook 2016 :
_bUnited States law, international law and recent developments /
_cMarc Rotenberg.
250 _aFirst edition.
260 _aWashington, DC :
_bElectronic Privacy Information Center,
_c2016.
300 _axxvi, 781 pages ;
_c26 cm
504 _aIncludes bibliographical references (pages 735-740).
650 0 _aPrivacy, Right of.
650 0 _aPrivacy, Right of
_zUnited States.
650 0 _aData protection
_xLaw and legislation.
650 7 _aData protection
_xLaw and legislation.
_2fast
650 7 _aPrivacy, Right of.
_2fast
651 7 _aUnited States.
_2fast
710 2 _aElectronic Privacy Information Center,
_eissuing body.
942 _2lcc
_cBOOK